| 000 | 00585nam a2200205Ia 4500 | ||
|---|---|---|---|
| 005 | 20250923145120.0 | ||
| 008 | 008 250917s9999 xx 000 0 eng d | ||
| 037 | _aTextual | ||
| 040 |
_aDSWL _beng _cDSWL |
||
| 041 |
_aeng _2eng |
||
| 084 |
_aY:f, K67 _qDSWL |
||
| 100 |
_aMoser, C.A. _9831931 |
||
| 245 | 0 |
_aSurvey methods in social investigations _cby C.A. Moser |
|
| 260 |
_aLondon _bHeinemann Educational Book Ltd. _c1967 |
||
| 300 | _axv,168 p. | ||
| 365 |
_aINR _b17.6 |
||
| 925 | _g17.6 | ||
| 942 |
_cTEXL _hY:f, K67 |
||
| 999 |
_c1447305 _d1447305 |
||